| 000 | 00452nam a22001697a 4500 | ||
|---|---|---|---|
| 005 | 20240408063428.0 | ||
| 008 | 240408b |||||||| |||| 00| 0 eng d | ||
| 020 | _a0258249X | ||
| 041 | _aEnglish | ||
| 082 | _a349 IND | ||
| 100 | _lEnglish | ||
| 245 | _aIndustrial Law Journal | ||
| 260 |
_aCape Town : _bJUTA Law, _c2002 |
||
| 300 |
_b258 pages ; _c25 cm. |
||
| 650 |
_aLegal practice _bLaw |
||
| 942 |
_cBK _6ALISON_BN_VRIES |
||
| 999 |
_c1486 _d1486 |
||